| 000 | 00000nam 2200000zi 4500 |
| 001 | 9.945507 |
| 003 | CaOODSP |
| 005 | 20250410131209 |
| 006 | m o d f |
| 007 | cr |n||||||||| |
| 008 | 241125e20241030oncd ob f|0| 0 fre d |
| 040 | |aCaOODSP|bfre|erda|cCaOODSP |
| 043 | |an-cn--- |
| 086 | 1 |aYN5-291/2024F-PDF |
| 100 | 1 |aPenney, Christopher E., |eauteur. |
| 245 | 14|aLes répercussions financières de l’atteinte de la cible de dépenses militaires fixée par l’OTAN / |cChristopher E. Penney, conseiller-analyste. |
| 264 | 1|aOttawa, Canada : |bBureau du directeur parlementaire du budget = Office of the Parliamentary Budget Officer, |c30 octobre 2024. |
| 264 | 4|c©2024 |
| 300 | |a1 ressource en ligne (16 pages) : |bgraphiques |
| 336 | |atexte|btxt|2rdacontent/fre |
| 337 | |ainformatique|bc|2rdamedia/fre |
| 338 | |aressource en ligne|bcr|2rdacarrier/fre |
| 500 | |aPublié aussi en anglais sous le titre : The fiscal implications of meeting the NATO military spending target. |
| 500 | |a« RP-2425-020-S_f. » |
| 504 | |aComprend des références bibliographiques. |
| 610 | 16|aCanada. |bMinistère de la défense nationale|xCrédits budgétaires et dépenses. |
| 610 | 16|aCanada. |bForces armées canadiennes|xCrédits budgétaires et dépenses. |
| 610 | 26|aOrganisation du traité de l'Atlantique Nord|xCrédits budgétaires et dépenses. |
| 650 | 6|aDépenses publiques|xPrévision. |
| 710 | 1 |aCanada. |bBureau du Directeur parlementaire du budget, |eorganisme de publication. |
| 775 | 08|tThe fiscal implications of meeting the NATO military spending target / |w(CaOODSP)9.944778 |
| 856 | 40|qPDF|s3.95 Mo|uhttps://publications.gc.ca/collections/collection_2024/dpb-pbo/YN5-291-2024-fra.pdf |
| 856 | 4 |qHTML|sS.O.|uhttps://www.pbo-dpb.ca/fr/publications/RP-2425-020-S--fiscal-implications-meeting-nato-military-spending-target--repercussions-financieres-atteinte-cible-depenses-militaires-fixee-otan |